000 00470nam a2200169 i 4500
001 150321
003 ES-MaACL
005 20230906203448.0
007 t|
008 071029s1930 fr ||||1| fre d
100 1 _aVallès, Jules.
_9112879
245 1 0 _aSouvenirs d'un etudiant pauvre (memoires vrais) /
_cJules Vallès.
250 _a5em. ed.
260 _aParis :
_b[s.n.],
_c1930 (
_fE. Grevin Lagny)
300 _a220 p. ;
_c19 cm.
852 _aES-MaACL
_jA-3009
999 _c150321
_d150321